|
|
|
|
| LEADER |
02529nam a2200673 a 4500 |
| 001 |
nkc20152658613 |
| 003 |
CZ PrNK |
| 005 |
20220126081003.0 |
| 007 |
ta |
| 008 |
150115s2014 xr af f 000 0 cze |
| 015 |
|
|
|a cnb002658613
|
| 020 |
|
|
|a 978-80-7325-353-0
|q (brož.) :
|c neprodejné
|
| 035 |
|
|
|a (OCoLC)907524478
|
| 040 |
|
|
|a ABA001
|b cze
|d OLA001
|
| 041 |
0 |
|
|a cze
|b eng
|
| 043 |
|
|
|a e-xr---
|
| 045 |
|
|
|a x8y1
|
| 072 |
|
7 |
|a 316.33
|x Ekonomická sociologie. Sociologie institucí, lidských sídel a komunit
|2 Konspekt
|9 18
|
| 080 |
|
|
|a 316.334.55
|2 MRF
|
| 080 |
|
|
|a 332.055.2(1-22)
|2 MRF
|
| 080 |
|
|
|a 316.42
|2 MRF
|
| 080 |
|
|
|a 316.733+304.44
|2 MRF
|
| 080 |
|
|
|a 316.72:323.174
|2 MRF
|
| 080 |
|
|
|a 332.146
|2 MRF
|
| 080 |
|
|
|a (437.3)
|2 MRF
|
| 080 |
|
|
|a (048.8:082)
|2 MRF
|
| 100 |
1 |
|
|a Pospěch, Pavel,
|d 1980-
|7 pna2014833452
|4 aut
|
| 245 |
1 |
0 |
|a Vynalézání venkova v ČR po roce 1989 /
|c Pavel Pospěch a kol.
|
| 250 |
|
|
|a 1. vyd.
|
| 260 |
|
|
|a Brno :
|b Centrum pro studium demokracie a kultury,
|c 2014
|
| 300 |
|
|
|a 175 s., viii s. obr. příl. :
|b il. (převážně barev.) ;
|c 20 cm
|
| 490 |
1 |
|
|a Sociologická řada ;
|v sv. č. 14
|
| 504 |
|
|
|a Obsahuje bibliografii a bibliografické odkazy
|
| 546 |
|
|
|a Anglické resumé
|
| 648 |
|
7 |
|a od 1989
|7 ch462156
|2 czenas
|
| 648 |
|
7 |
|a 1989-2014
|7 ch967354
|2 czenas
|
| 650 |
0 |
7 |
|a venkov
|7 ph127032
|z Česko
|y od 1989
|2 czenas
|
| 650 |
0 |
7 |
|a rozvoj venkova
|7 ph136666
|z Česko
|y od 1989
|2 czenas
|
| 650 |
0 |
7 |
|a sociální změna
|7 ph125820
|z Česko
|y od 1989
|2 czenas
|
| 650 |
0 |
7 |
|a kulturní změna
|7 ph114000
|z Česko
|y od 1989
|2 czenas
|
| 650 |
0 |
7 |
|a sociologie venkova
|7 ph125763
|2 czenas
|
| 650 |
0 |
7 |
|a regionální identita
|7 ph121103
|2 czenas
|
| 650 |
0 |
7 |
|a teritoriální marketing
|7 ph201923
|2 czenas
|
| 650 |
0 |
9 |
|a countryside
|z Czechia
|y 1989-
|2 eczenas
|
| 650 |
0 |
9 |
|a rural development
|z Czechia
|y 1989-
|2 eczenas
|
| 650 |
0 |
9 |
|a social change
|z Czechia
|y 1989-
|2 eczenas
|
| 650 |
0 |
9 |
|a cultural change
|z Czechia
|y 1989-
|2 eczenas
|
| 650 |
0 |
9 |
|a rural sociology
|2 eczenas
|
| 650 |
0 |
9 |
|a regional identity
|2 eczenas
|
| 650 |
0 |
9 |
|a regional marketing
|2 eczenas
|
| 655 |
|
7 |
|a kolektivní monografie
|7 fd501537
|2 czenas
|
| 655 |
|
9 |
|a collective monographs
|2 eczenas
|
| 830 |
|
0 |
|a Sociologická řada
|0 s
|
| 910 |
2 |
|
|a BOA001
|b 2-1343.774
|
| 928 |
9 |
|
|a CDK (Centrum pro studium demokracie a kultury)
|
| 990 |
|
|
|a BK
|
| 995 |
|
|
|a 01
|
| 991 |
|
|
|b 201504
|c NOV
|e n
|
| 996 |
6 |
|
|b 2610625775
|c 2-1343.774
|l MZK
|r Sklad / do 1 hodiny
|n 11
|p p.v.
|w 001496380
|u 000010
|a 1
|e BOA001
|j MZK50
|s P
|